| 000 | 00319nam a2200121Ia 4500 | ||
|---|---|---|---|
| 008 | 230907s9999||||xx |||||||||||||| ||und|| | ||
| 082 |
_a622.3382 _bGOL |
||
| 100 |
_aGolan, Michael, _9115762 |
||
| 245 | 0 | _aWell performance / | |
| 260 |
_aKluwar Academic Publishers, _bBoston : _c1986 |
||
| 300 | _a618 p. : | ||
| 942 | _cBK | ||
| 999 |
_c599356 _d599356 |
||